[Event "Rated Blitz tournament OMgcSEr5"]
[Site "?"]
[Date "2021.06.20"]
[Round "?"]
[White "LANATER2020"]
[Black "Jorny_Too_Pass"]
[Result "1-0"]
[WhiteElo "2454"]
[BlackElo "2221"]
[PlyCount "65"]
[EventDate "2021.??.??"]
[EventType "blitz"]

1. e4 e5 2. Nf3 d5 3. d4 dxe4 4. Nxe5 Bd6 5. Nc4 Nf6 6. c3 O-O 7. Ne3 Re8 8.
Be2 c6 9. O-O Nbd7 10. Nd2 Nf8 11. f3 Ng6 12. fxe4 Nxe4 13. Nxe4 Rxe4 14. g3
Qe7 15. Qd3 Bh3 16. Rf3 Re8 17. Bf1 Bc8 18. Nf5 Bxf5 19. Rxf5 Re1 20. Bg5 Rxa1
21. Bxe7 Rxe7 22. Kg2 b5 23. a3 a6 24. Qf3 Nf8 25. Qxc6 Re6 26. Qxa6 h5 27.
Qxb5 h4 28. Bc4 Rg6 29. Bxf7+ Kh7 30. Bxg6+ Nxg6 31. Rh5+ Kg8 32. Qe8+ Nf8 33.
Rd5 {Normal} 1-0

[Event "Rated Blitz tournament Vl7vXKzr"]
[Site "?"]
[Date "2021.06.20"]
[Round "?"]
[White "Maltinho"]
[Black "Frutek"]
[Result "1-0"]
[WhiteElo "2450"]
[BlackElo "2515"]
[PlyCount "51"]
[EventDate "2021.??.??"]
[EventType "blitz"]

1. e4 e5 2. Nf3 d5 3. exd5 e4 4. Qe2 Nf6 5. d3 Bb4+ 6. Bd2 O-O 7. dxe4 Nxd5 8.
Bxb4 Nxb4 9. Nc3 N8c6 10. a3 Na6 11. Qd1 Qf6 12. Bd3 Bg4 13. h3 Qh6 14. Qd2 Qh5
15. O-O-O Bxf3 16. gxf3 Rad8 17. f4 Nc5 18. Qe3 Nd4 19. Kb1 b6 20. Rdg1 g6 21.
Rg5 Qh6 22. h4 Nce6 23. Rg4 Rfe8 24. f5 Qxe3 25. fxe3 h5 26. Rg2 {Normal} 1-0

[Event "Rated Blitz tournament X84F9uhy"]
[Site "?"]
[Date "2021.06.20"]
[Round "?"]
[White "Schach_du_Nase"]
[Black "VVV-31"]
[Result "1-0"]
[WhiteElo "2482"]
[BlackElo "2328"]
[PlyCount "109"]
[EventDate "2021.??.??"]
[EventType "blitz"]

1. e4 e5 2. Nf3 d5 3. Nxe5 Bd6 4. d4 dxe4 5. Nc4 Nf6 6. Be2 h6 7. Nxd6+ Qxd6 8.
c3 O-O 9. Be3 Bf5 10. Nd2 Nc6 11. h3 Bg6 12. O-O Rad8 13. Qb3 b6 14. a4 a5 15.
Qa3 Qe7 16. Bb5 Qe6 17. Qa2 Qxa2 18. Rxa2 Ne7 19. g4 Nfd5 20. Raa1 Nxe3 21.
fxe3 Nd5 22. Kf2 f5 23. Ke2 f4 24. Bc4 f3+ 25. Kf2 c6 26. Bxd5+ cxd5 27. Rfc1
Rc8 28. c4 Bf7 29. b3 g5 30. Rc3 Be6 31. Rac1 Kg7 32. c5 bxc5 33. Rxc5 Rxc5 34.
dxc5 h5 35. gxh5 Bxh3 36. c6 Bc8 37. Rc5 Rf5 38. Rxa5 g4 39. Nf1 Rxh5 40. Ra8
Rh8 41. b4 Kf6 42. b5 Ke5 43. b6 d4 44. b7 dxe3+ 45. Nxe3 Rh2+ 46. Kg1 g3 47.
Rxc8 f2+ 48. Kf1 Rh1+ 49. Ke2 Re1+ 50. Kd2 Rxe3 51. b8=Q+ Kd4 52. Rd8+ Kc5 53.
Qa7+ Kb4 54. Qb6+ Kc4 55. Rd4# {Normal} 1-0

[Event "Rated Blitz tournament tHbE0kCS"]
[Site "?"]
[Date "2021.06.20"]
[Round "?"]
[White "Annomalist"]
[Black "dr_xStranger"]
[Result "0-1"]
[WhiteElo "2348"]
[BlackElo "2505"]
[PlyCount "108"]
[EventDate "2021.??.??"]
[EventType "blitz"]

1. e4 e5 2. Nf3 d5 3. d3 dxe4 4. dxe4 Qxd1+ 5. Kxd1 Nc6 6. Bd3 Bg4 7. h3 Bxf3+
8. gxf3 O-O-O 9. Nd2 Nf6 10. Ke2 Nh5 11. Nb3 g6 12. Be3 f6 13. Rad1 Be7 14. Bc4
a6 15. Be6+ Kb8 16. Bg4 Nf4+ 17. Bxf4 exf4 18. c3 f5 19. exf5 h5 20. fxg6 hxg4
21. fxg4 Ne5 22. g7 Rhg8 23. Nd4 Rxg7 24. Nf5 Rxd1 25. Rxd1 Rf7 26. f3 Bf6 27.
h4 Nc4 28. b3 Nd6 29. Nxd6 cxd6 30. Rxd6 Re7+ 31. Kd2 Bxh4 32. Rd4 Be1+ 33. Kc2
Re2+ 34. Kd1 Re3 35. c4 Bc3 36. Rxf4 Re1+ 37. Kc2 Be5 38. Re4 Rxe4 39. fxe4 Kc7
40. b4 Kd6 41. a4 a5 42. c5+ Kc6 43. g5 axb4 44. Kb3 Kxc5 45. g6 b6 46. Kc2 Kc4
47. Kd2 b3 48. Kc1 Kc3 49. Kb1 b2 50. a5 bxa5 51. g7 Bxg7 52. e5 Bxe5 53. Ka2
Kc2 54. Ka3 b1=Q {Normal} 0-1

[Event "Rated Blitz tournament 9AH7odx8"]
[Site "?"]
[Date "2021.06.20"]
[Round "?"]
[White "SpeedMonkey"]
[Black "satranCocuk_YouTube"]
[Result "1-0"]
[WhiteElo "2513"]
[BlackElo "2330"]
[PlyCount "23"]
[EventDate "2021.??.??"]
[EventType "blitz"]

1. e4 e5 2. Nf3 d5 3. exd5 e4 4. Qe2 Nf6 5. d3 Bb4+ 6. c3 O-O 7. dxe4 Bc5 8.
Bg5 h6 9. Bxf6 Qxf6 10. Nbd2 Re8 11. O-O-O Bf5 12. Qb5 {Normal} 1-0

[Event "Rated Blitz game"]
[Site "?"]
[Date "2021.06.20"]
[Round "?"]
[White "Patrik767"]
[Black "annaly1979"]
[Result "0-1"]
[WhiteElo "2521"]
[BlackElo "2427"]
[PlyCount "25"]
[EventDate "2021.??.??"]
[EventType "blitz"]

1. e4 e5 2. Nf3 d5 3. Nxe5 Qe7 4. d4 f6 5. Qh5+ g6 6. Nxg6 Qxe4+ 7. Be2 Qxg6 8.
Qxd5 Ne7 9. Qb3 Nbc6 10. Be3 Bf5 11. Na3 O-O-O 12. O-O-O Nd5 13. Nc4 {Normal}
0-1

[Event "Rated Blitz game"]
[Site "?"]
[Date "2021.06.20"]
[Round "?"]
[White "quarkonio"]
[Black "walodelpalo"]
[Result "0-1"]
[WhiteElo "2430"]
[BlackElo "2282"]
[PlyCount "50"]
[EventDate "2021.??.??"]
[EventType "blitz"]

1. e4 e5 2. Nf3 d5 3. exd5 Bd6 4. d4 e4 5. Ne5 Nf6 6. Bb5+ c6 7. dxc6 O-O 8.
cxb7 Bxb7 9. Nc3 Qc7 10. Bf4 Nbd7 11. Nxd7 Bxf4 12. Nxf6+ gxf6 13. Qg4+ Kh8 14.
Qf5 Rg8 15. Qxf6+ Rg7 16. g3 e3 17. Qxf4 Qxf4 18. gxf4 Bxh1 19. Ke2 exf2 20.
Kxf2 Rg2+ 21. Ke3 Rxh2 22. Rxh1 Rxh1 23. Bc6 Rh3+ 24. Kf2 Rd8 25. d5 Rh2+ {
Normal} 0-1

[Event "Rated Blitz game"]
[Site "?"]
[Date "2021.06.20"]
[Round "?"]
[White "EpicureColumns"]
[Black "pasha1984"]
[Result "1-0"]
[WhiteElo "2411"]
[BlackElo "2360"]
[PlyCount "49"]
[EventDate "2021.??.??"]
[EventType "blitz"]

1. e4 e5 2. Nf3 d5 3. Nxe5 dxe4 4. d4 Bd6 5. Nc4 Nc6 6. Be2 Nf6 7. Bg5 h6 8.
Bh4 O-O 9. c3 Be7 10. Nbd2 Nd5 11. Bg3 f5 12. Be5 b5 13. Qb3 bxc4 14. Bxc4 Nxe5
15. Bxd5+ Be6 16. Bxe6+ Nf7 17. Bxf5 Rb8 18. Qc2 Nd6 19. Bxe4 Nxe4 20. Nxe4 Qd5
21. O-O Rf4 22. Rfe1 Rg4 23. f3 Rg6 24. Nc5 Qf7 25. Rxe7 {Normal} 1-0

[Event "Rated Blitz game"]
[Site "?"]
[Date "2021.06.20"]
[Round "?"]
[White "rightitsrafa"]
[Black "annaly1979"]
[Result "1-0"]
[WhiteElo "2491"]
[BlackElo "2440"]
[PlyCount "97"]
[EventDate "2021.??.??"]
[EventType "blitz"]

1. e4 e5 2. Nf3 d5 3. Nxe5 Qe7 4. d4 f6 5. Nd3 Nc6 6. c3 Bf5 7. Be2 Bxe4 8. O-O
Qf7 9. Nf4 Bd6 10. Bd3 Nge7 11. Bxe4 dxe4 12. Re1 f5 13. Be3 g5 14. Ne2 Qh5 15.
Ng3 Qg6 16. Bc1 O-O-O 17. Na3 h5 18. Nc4 h4 19. Nxd6+ Rxd6 20. Nf1 f4 21. Qg4+
Kb8 22. Nd2 e3 23. fxe3 fxe3 24. Rxe3 h3 25. Rxh3 Rxh3 26. Qxh3 g4 27. Qh8+ Rd8
28. Qh4 Nf5 29. Qe1 Re8 30. Qf2 a6 31. Nf1 Nce7 32. Bf4 Nd5 33. Be5 Qg5 34. Re1
Ka8 35. Ng3 Nh4 36. Ne4 Qd8 37. Nf6 Nxf6 38. Qxh4 Nd5 39. Qxd8+ Rxd8 40. Re4
Rg8 41. Kf2 c6 42. Kg3 Ne7 43. Rxg4 Rf8 44. Rf4 Rg8+ 45. Kf2 Nd5 46. Rf7 a5 47.
h4 Rg4 48. g3 Re4 49. h5 {Normal} 1-0

[Event "Rated Blitz game"]
[Site "?"]
[Date "2021.06.20"]
[Round "?"]
[White "luffy77"]
[Black "Dzon_Vejn"]
[Result "0-1"]
[WhiteElo "2460"]
[BlackElo "2477"]
[PlyCount "46"]
[EventDate "2021.??.??"]
[EventType "blitz"]

1. e4 e5 2. Nf3 d5 3. Nxe5 Bd6 4. Nxf7 Kxf7 5. Qh5+ Kf8 6. Qxd5 Nf6 7. Qd3 Nc6
8. Nc3 Nb4 9. Qe2 Nxc2+ 10. Kd1 Nxa1 11. e5 Bg4 12. f3 Bf5 13. d3 Kf7 14. exf6
Qxf6 15. Ne4 Bxe4 16. fxe4 Rhf8 17. g3 Kg8 18. Bh3 Be5 19. Rf1 Qd6 20. Rxf8+
Rxf8 21. Be3 Bd4 22. Kc1 Qc5+ 23. Kb1 Bxe3 {Normal} 0-1

[Event "Rated Blitz tournament Vl7vXKzr"]
[Site "?"]
[Date "2021.06.20"]
[Round "?"]
[White "dokijobava"]
[Black "Maltinho"]
[Result "1/2-1/2"]
[WhiteElo "2347"]
[BlackElo "2451"]
[PlyCount "171"]
[EventDate "2021.??.??"]
[EventType "blitz"]

1. e4 e5 2. Nf3 d5 3. exd5 Bd6 4. d4 e4 5. Qe2 Nf6 6. Nbd2 O-O 7. Ng5 Re8 8. h4
Bg4 9. Qc4 Nbd7 10. Qb3 c5 11. Bb5 cxd4 12. O-O a6 13. Bxd7 Qxd7 14. f3 exf3
15. Ngxf3 Ne4 16. Nxe4 Rxe4 17. Bd2 Rae8 18. Rae1 Bxf3 19. Qxf3 Rxh4 20. Rxe8+
Qxe8 21. g3 Rh3 22. Re1 Qd7 23. Bf4 g6 24. Kg2 Rh5 25. Qe4 Bxf4 26. Qxf4 Rxd5
27. Qf6 Rf5 28. Qe7 Qxe7 29. Rxe7 b5 30. Ra7 Rc5 31. c3 dxc3 32. bxc3 Rxc3 33.
Rxa6 Rc2+ 34. Kf3 Rb2 35. Ra5 Kg7 36. g4 b4 37. Ra4 b3 38. axb3 Rxb3+ 39. Kg2
Rb5 40. Kg3 Rg5 41. Kf4 h6 42. Ra7 Rb5 43. Ra4 g5+ 44. Kf3 Kg6 45. Kg3 f6 46.
Kf3 Rb3+ 47. Kg2 h5 48. gxh5+ Kxh5 49. Rc4 Kg6 50. Ra4 Rb5 51. Rc4 Rf5 52. Kg3
Re5 53. Kg4 Re6 54. Kg3 Re5 55. Kg4 Rf5 56. Kg3 Rf4 57. Rc8 Rf5 58. Rc7 Re5 59.
Rc4 f5 60. Rc6+ Kf7 61. Kf3 Re6 62. Rc7+ Kf6 63. Rc8 g4+ 64. Kf4 Re4+ 65. Kg3
Re7 66. Rf8+ Rf7 67. Re8 Kg7 68. Kf4 Kg6 69. Re6+ Rf6 70. Re8 Kf7 71. Rh8 Rg6
72. Rh7+ Kf6 73. Rh8 g3 74. Rh1 g2 75. Rg1 Rg4+ 76. Kf3 Kg5 77. Kf2 f4 78. Kf3
Rg3+ 79. Kf2 Kg4 80. Ke1 f3 81. Kf2 Kf4 82. Ke1 Rh3 83. Kf2 Rh1 84. Rxg2 Rf1+
85. Kxf1 fxg2+ 86. Kxg2 {Normal} 1/2-1/2

[Event "Rated Blitz game"]
[Site "?"]
[Date "2021.06.20"]
[Round "?"]
[White "Jero_el_siniestro"]
[Black "Sulfaremus"]
[Result "1-0"]
[WhiteElo "2532"]
[BlackElo "2596"]
[PlyCount "115"]
[EventDate "2021.??.??"]
[EventType "blitz"]

1. e4 e5 2. Nf3 d5 3. Nxe5 Nc6 4. Nxc6 bxc6 5. exd5 cxd5 6. d4 Bd6 7. Bd3 Ne7
8. O-O O-O 9. Bg5 Qd7 10. Qh5 Ng6 11. f4 f5 12. Nc3 c6 13. Rae1 Rb8 14. Nd1 Qf7
15. c3 h6 16. Bh4 Nxf4 17. Qxf7+ Rxf7 18. Re8+ Kh7 19. Bb1 Bd7 20. Rxb8 Bxb8
21. Kh1 g5 22. Bg3 Kg7 23. Ne3 Kg6 24. Ng4 Re7 25. Bxf4 gxf4 26. Nf2 Re2 27. b3
Kh5 28. Kg1 Re4 29. Bd3 Bc7 30. Nh3 Kh4 31. Bxe4 fxe4 32. Nxf4 Kg5 33. Ne2 Kg6
34. g3 Bg4 35. Nf4+ Kg7 36. Kf2 Bd6 37. Ke3 Bd7 38. c4 Bxf4+ 39. Rxf4 Be6 40.
cxd5 cxd5 41. Rf1 Kg6 42. Rc1 Kf5 43. Rc6 h5 44. Ra6 Bg8 45. Rxa7 Be6 46. Rg7
Kf6 47. Rh7 Kg6 48. Rb7 Bh3 49. a4 Kg5 50. a5 Bc8 51. Rc7 Ba6 52. b4 Kg4 53.
Rc5 Kh3 54. Rxd5 Kxh2 55. Rxh5+ Kxg3 56. Re5 Bd3 57. b5 Bxb5 58. Rxb5 {Normal}
1-0

[Event "11th ch-Mediterranean"]
[Site "Petrovac MNE"]
[Date "2021.06.19"]
[Round "1.45"]
[White "Eizaguerri Floris, Maria"]
[Black "Dubois, Mart"]
[Result "1-0"]
[WhiteElo "2308"]
[BlackElo "1780"]
[PlyCount "103"]
[EventDate "2021.06.19"]
[SourceTitle "The Week in Chess 1389"]
[Source "Mark Crowther"]
[SourceDate "2021.06.21"]
[SourceVersion "1"]
[SourceVersionDate "2021.06.21"]
[SourceQuality "2"]

1. e4 e5 2. Nf3 d5 3. exd5 e4 4. Qe2 Nf6 5. Nc3 Be7 6. Nxe4 O-O 7. Nxf6+ Bxf6
8. d4 Qxd5 9. Be3 Bg4 10. h3 Bxf3 11. Qxf3 Qxf3 12. gxf3 c5 13. O-O-O cxd4 14.
Bxd4 Bxd4 15. Rxd4 Nc6 16. Rd7 Rab8 17. f4 Rfd8 18. Rxd8+ Nxd8 19. Bc4 Kf8 20.
Re1 b6 21. Bd5 Rc8 22. Re3 Rc7 23. Kd2 Rd7 24. Rd3 h6 25. c4 Ke7 26. b4 Rd6 27.
c5 Rf6 28. Ke3 bxc5 29. bxc5 Ne6 30. Bxe6 Rxe6+ 31. Kd4 Kd7 32. Ra3 a6 33. Rb3
Kc7 34. Rb2 Rf6 35. Ke5 Re6+ 36. Kd5 Rf6 37. Ke4 Re6+ 38. Kd3 Rf6 39. Rb4 Kc6
40. Rb6+ Kxc5 41. Rxf6 gxf6 42. Ke4 Kd6 43. Kf5 Ke7 44. f3 a5 45. a4 Kf8 46.
Kxf6 Kg8 47. Ke7 Kg7 48. f5 h5 49. h4 Kg8 50. f6 Kh7 51. Kxf7 Kh6 52. Kg8 1-0

[Event "Rated Blitz tournament EOSg0Ukc"]
[Site "?"]
[Date "2021.06.19"]
[Round "?"]
[White "PrimumSemper"]
[Black "batasjon"]
[Result "1-0"]
[WhiteElo "2506"]
[BlackElo "2408"]
[PlyCount "89"]
[EventDate "2021.??.??"]
[EventType "blitz"]

1. e4 e5 2. Nf3 d5 3. Nxe5 Bd6 4. d4 dxe4 5. Bc4 Bxe5 6. dxe5 Qxd1+ 7. Kxd1 Nc6
8. Bb5 Bg4+ 9. Ke1 O-O-O 10. Nc3 Nxe5 11. h3 Bf5 12. Bf4 Ng6 13. Bg3 h5 14. h4
Nf6 15. Bc4 Rhf8 16. Ke2 Bg4+ 17. Ke3 c6 18. a4 Nd5+ 19. Bxd5 cxd5 20. Nb5 a6
21. Nd6+ Kd7 22. Nxb7 f5 23. Bd6 f4+ 24. Kd4 Ke6 25. Bxf8 Rxf8 26. Nc5+ Kd6 27.
c4 Rc8 28. b4 dxc4 29. Nxe4+ Ke6 30. Nc5+ Kf5 31. Kxc4 f3 32. g3 Ne5+ 33. Kb3
Kg6 34. Rhe1 Nc6 35. Rac1 Nd4+ 36. Kc4 Ne2 37. Rc2 Bf5 38. Rcxe2 fxe2 39. Rxe2
Bd7 40. Kb3 Bg4 41. Rd2 a5 42. Rd6+ Kf5 43. Rd5+ Kg6 44. Rg5+ Kh6 45. bxa5 {
Normal} 1-0

[Event "Rated Blitz game"]
[Site "?"]
[Date "2021.06.19"]
[Round "?"]
[White "whiteprocess"]
[Black "KinzyabulatovRenat"]
[Result "1-0"]
[WhiteElo "2615"]
[BlackElo "2421"]
[PlyCount "97"]
[EventDate "2021.??.??"]
[EventType "blitz"]

1. e4 e5 2. Nf3 d5 3. exd5 e4 4. Qe2 Nf6 5. d3 Qxd5 6. Nbd2 Be6 7. Nxe4 Nc6 8.
Nxf6+ gxf6 9. g3 O-O-O 10. Bg2 Bg4 11. Be3 Bb4+ 12. c3 Ba5 13. Nh4 Bxe2 14.
Bxd5 Bxd3 15. Bxc6 bxc6 16. O-O-O Bb6 17. Rhe1 Bg6 18. Nxg6 hxg6 19. Rxd8+ Rxd8
20. Bxb6 axb6 21. Re7 Rd7 22. Rxd7 Kxd7 23. h4 f5 24. Kd2 c5 25. Ke3 Ke6 26.
Kf4 f6 27. b3 c6 28. f3 Kd5 29. g4 fxg4 30. fxg4 Ke6 31. h5 Kf7 32. h6 Kg8 33.
g5 Kf7 34. h7 Kg7 35. gxf6+ Kxh7 36. Kg5 b5 37. c4 b4 38. f7 Kg7 39. f8=Q+ Kxf8
40. Kxg6 Ke7 41. Kg7 Ke6 42. Kf8 Kd7 43. Kf7 Kd6 44. Ke8 Ke6 45. Kd8 Ke5 46.
Kc7 Kd4 47. Kxc6 Kc3 48. Kxc5 Kb2 49. Kxb4 {Time forfeit} 1-0

[Event "Rated Blitz tournament EOSg0Ukc"]
[Site "?"]
[Date "2021.06.19"]
[Round "?"]
[White "PrimumSemper"]
[Black "geptil"]
[Result "1-0"]
[WhiteElo "2521"]
[BlackElo "2336"]
[PlyCount "73"]
[EventDate "2021.??.??"]
[EventType "blitz"]

1. e4 e5 2. Nf3 d5 3. Nxe5 Bd6 4. d4 dxe4 5. Nc3 Nf6 6. Bc4 Bxe5 7. dxe5 Qxd1+
8. Nxd1 Ng4 9. Bf4 Nc6 10. Bb5 Bd7 11. Bxc6 Bxc6 12. h3 Nh6 13. Ne3 Ng8 14.
O-O-O Ne7 15. e6 fxe6 16. Bxc7 Nd5 17. Bg3 Nxe3 18. fxe3 O-O 19. Rhf1 Rac8 20.
Bd6 Rfe8 21. Rf2 Bd5 22. Kb1 Rcd8 23. Bc5 Bxa2+ 24. Kc1 Bd5 25. b3 b6 26. Ba3
Rc8 27. Kb2 g6 28. c4 Bc6 29. Rd6 b5 30. c5 a5 31. b4 a4 32. Kb1 Bd5 33. Bb2
Ra8 34. Rd7 a3 35. Be5 Rf8 36. Rg7+ Kh8 37. Rxg6+ {Normal} 1-0

[Event "Rated Blitz game"]
[Site "?"]
[Date "2021.06.19"]
[Round "?"]
[White "nerzo"]
[Black "KinzyabulatovRenat"]
[Result "1-0"]
[WhiteElo "2567"]
[BlackElo "2416"]
[PlyCount "111"]
[EventDate "2021.??.??"]
[EventType "blitz"]

1. e4 e5 2. Nf3 d5 3. d3 dxe4 4. dxe4 Qxd1+ 5. Kxd1 Nc6 6. c3 Nf6 7. Bd3 Bc5 8.
Ke2 Be6 9. Nbd2 O-O-O 10. b4 Bxf2 11. Bb5 Bb6 12. a4 a5 13. Bxc6 bxc6 14. Bb2
Nd7 15. h3 f6 16. Ne1 Nb8 17. Nd3 Na6 18. b5 Nb8 19. c4 Bd4 20. Nb3 Bxb2 21.
Nxb2 cxb5 22. axb5 c6 23. Rxa5 cxb5 24. Rxb5 Nc6 25. Ra1 Kc7 26. Ke3 Rb8 27.
Nc5 Bc8 28. Rxb8 Kxb8 29. Nbd3 Rd8 30. Rb1+ Kc7 31. Nb4 Nxb4 32. Rxb4 Kc6 33.
Nb3 Be6 34. Na5+ Kc5 35. Rb5+ Kd6 36. Nb7+ Ke7 37. Nxd8 Kxd8 38. c5 Kc7 39. Rb6
Bc8 40. Kd3 Bb7 41. Rd6 Bc6 42. g4 h6 43. Ke3 Bb7 44. Re6 Kd7 45. Rb6 Kc7 46.
h4 Bc6 47. Rb2 Kd7 48. Rd2+ Kc7 49. Rd6 Bb7 50. g5 hxg5 51. hxg5 fxg5 52. Rg6
Bc8 53. Rxg5 Kc6 54. Rxg7 Kxc5 55. Rc7+ Kd6 56. Rxc8 {Normal} 1-0

[Event "Rated Blitz game"]
[Site "?"]
[Date "2021.06.19"]
[Round "?"]
[White "Jero_el_siniestro"]
[Black "CristianS27"]
[Result "0-1"]
[WhiteElo "2511"]
[BlackElo "2518"]
[PlyCount "68"]
[EventDate "2021.??.??"]
[EventType "blitz"]

1. e4 e5 2. Nf3 d5 3. Nxe5 dxe4 4. d4 Nd7 5. Nxd7 Bxd7 6. Nc3 Bf5 7. Bc4 Bd6 8.
Be3 Nf6 9. h3 c6 10. O-O b5 11. Bb3 O-O 12. Bg5 Bc7 13. Ne2 Re8 14. Ng3 Bg6 15.
Re1 a5 16. c3 a4 17. Bc2 h6 18. Bh4 Qd6 19. b3 a3 20. b4 Nd5 21. Qd2 Qf4 22.
Qxf4 Bxf4 23. Bxe4 Bxg3 24. Bxd5 Bxh4 25. Bxc6 Rxe1+ 26. Rxe1 Rc8 27. Bxb5 Rxc3
28. d5 Rc2 29. Re8+ Kh7 30. d6 Bxf2+ 31. Kh2 Rc3 32. d7 Bg3+ 33. Kg1 Rc1+ 34.
Bf1 Bd3 {Normal} 0-1

[Event "Rated Blitz tournament EOSg0Ukc"]
[Site "?"]
[Date "2021.06.19"]
[Round "?"]
[White "Strelok2222"]
[Black "batasjon"]
[Result "1-0"]
[WhiteElo "2517"]
[BlackElo "2419"]
[PlyCount "89"]
[EventDate "2021.??.??"]
[EventType "blitz"]

1. e4 e5 2. Nf3 d5 3. Nxe5 Bd6 4. d4 dxe4 5. Nc4 Nf6 6. Nc3 O-O 7. h3 Nc6 8.
Nb5 Be7 9. Ne3 a6 10. Nc3 Nxd4 11. Bc4 c5 12. a4 b6 13. O-O Bb7 14. Ne2 Rc8 15.
Ng3 Qd7 16. c3 Ne6 17. Nef5 Qc7 18. Nxe7+ Qxe7 19. Nf5 Qc7 20. Qe2 Qe5 21. Ne7+
Kh8 22. Nxc8 Rxc8 23. Bxa6 Nf4 24. Bxf4 Qxf4 25. Bxb7 Re8 26. Rad1 h5 27. Bc6
Re6 28. Bd5 Re5 29. Bc4 Rg5 30. Qe3 Qe5 31. Rd8+ Kh7 32. f4 exf3 33. Qxe5 Rxe5
34. Rxf3 Re4 35. Bd3 g6 36. Bxe4 Nxe4 37. Rxf7+ Kh6 38. h4 g5 39. Rg8 gxh4 40.
Rb7 Ng3 41. Rxg3 hxg3 42. Rxb6+ Kg5 43. a5 Kf4 44. a6 Ke3 45. a7 {Normal} 1-0

[Event "Rated Blitz tournament EOSg0Ukc"]
[Site "?"]
[Date "2021.06.19"]
[Round "?"]
[White "kulihrasko"]
[Black "batasjon"]
[Result "0-1"]
[WhiteElo "2294"]
[BlackElo "2410"]
[PlyCount "88"]
[EventDate "2021.??.??"]
[EventType "blitz"]

1. e4 e5 2. Nf3 d5 3. Nxe5 Bd6 4. d4 dxe4 5. Nc3 Nf6 6. Bc4 O-O 7. O-O Nbd7 8.
Nxd7 Bxd7 9. Bg5 h6 10. Bxf6 Qxf6 11. Nxe4 Bxh2+ 12. Kxh2 Qh4+ 13. Kg1 Qxe4 14.
Bd3 Qf4 15. d5 Rad8 16. c4 c6 17. Bc2 cxd5 18. Qd3 g6 19. cxd5 Bf5 20. Qb3 Bxc2
21. Qxc2 Rxd5 22. Rad1 Rfd8 23. Rxd5 Rxd5 24. Rd1 Rxd1+ 25. Qxd1 Qe4 26. Qd2 a6
27. a3 Kg7 28. f3 Qe5 29. Kf2 a5 30. g3 b5 31. f4 Qc5+ 32. Kf3 b4 33. axb4 axb4
34. Ke4 Qc4+ 35. Qd4+ Qxd4+ 36. Kxd4 g5 37. fxg5 hxg5 38. Kc4 f5 39. Kxb4 f4
40. gxf4 g4 41. Kc4 g3 42. b4 g2 43. b5 g1=Q 44. Kb4 Kf6 {Time forfeit} 0-1

[Event "Rated Blitz game"]
[Site "?"]
[Date "2021.06.19"]
[Round "?"]
[White "Beastofuyo"]
[Black "fuglfonix"]
[Result "1-0"]
[WhiteElo "2521"]
[BlackElo "2343"]
[PlyCount "46"]
[EventDate "2021.??.??"]
[EventType "blitz"]

1. e4 e5 2. Nf3 d5 3. exd5 e4 4. Nd4 Qxd5 5. Nb3 Bd6 6. Nc3 Qe5 7. d3 exd3+ 8.
Be3 dxc2 9. Qxc2 Nf6 10. O-O-O O-O 11. Bd3 Nc6 12. a3 Bg4 13. Rde1 Qh5 14. h3
Be6 15. g4 Bxb3 16. Qxb3 Qa5 17. f4 b5 18. Qxb5 Qxb5 19. Bxb5 Na5 20. b4 Nb7
21. Bc6 Rab8 22. Bxa7 h5 23. Bxb8 Rxb8 {Normal} 1-0

[Event "Rated Blitz tournament h8p6WyPa"]
[Site "?"]
[Date "2021.06.19"]
[Round "?"]
[White "nrm18"]
[Black "Pepiton61"]
[Result "1-0"]
[WhiteElo "2453"]
[BlackElo "2258"]
[PlyCount "105"]
[EventDate "2021.??.??"]
[EventType "blitz"]

1. e4 e5 2. Nf3 d5 3. Nxe5 Bd6 4. d4 dxe4 5. Nc4 Nc6 6. c3 Nf6 7. Ne3 O-O 8.
Be2 Re8 9. O-O Qe7 10. f3 exf3 11. Bxf3 Bf4 12. Re1 Qd6 13. g3 Bxg3 14. hxg3
Qxg3+ 15. Bg2 Bg4 16. Qd2 Ne4 17. Nf1 Nxd2 18. Rxe8+ Rxe8 19. Nxg3 Re1+ 20. Kf2
Rxc1 21. Nxd2 Rxa1 22. a3 h5 23. Bd5 Kf8 24. Nge4 h4 25. Kg2 Rd1 26. Nf3 Bxf3+
27. Kxf3 f6 28. Kg4 Ne7 29. Bxb7 f5+ 30. Kxh4 fxe4 31. Bxe4 Kf7 32. Kg5 Rg1+
33. Kf4 Kf6 34. c4 g5+ 35. Ke3 Rg3+ 36. Kd2 Rb3 37. Kc2 Re3 38. Bb7 Nf5 39. d5
Ke5 40. c5 g4 41. d6 cxd6 42. c6 Ne7 43. c7 d5 44. c8=Q Nxc8 45. Bxc8 g3 46.
Bh3 g2 47. Bxg2 Re2+ 48. Kd3 Rxg2 49. b4 Rg3+ 50. Kc2 Kd6 51. Kb2 Kc6 52. a4 a6
53. b5+ {Time forfeit} 1-0

[Event "Rated Blitz tournament EOSg0Ukc"]
[Site "?"]
[Date "2021.06.19"]
[Round "?"]
[White "tarikanwar"]
[Black "geptil"]
[Result "1-0"]
[WhiteElo "2452"]
[BlackElo "2309"]
[PlyCount "78"]
[EventDate "2021.??.??"]
[EventType "blitz"]

1. e4 e5 2. Nf3 d5 3. exd5 e4 4. Nd4 Qxd5 5. Ne2 Nf6 6. Nbc3 Qf5 7. Ng3 Qg6 8.
Qe2 Nc6 9. Ncxe4 Be6 10. Nxf6+ Qxf6 11. d3 Nd4 12. Qd1 O-O-O 13. Be3 Nf5 14.
Nxf5 Bxf5 15. Be2 Qxb2 16. O-O Qe5 17. Rb1 Bd6 18. g3 Bh3 19. Bf3 c6 20. Re1
Qa5 21. Bg4+ Bxg4 22. Qxg4+ Kb8 23. Qxg7 Rdf8 24. Qh6 Bc7 25. Bf4 f5 26. Bxc7+
Qxc7 27. Re6 Ka8 28. Rf6 Qe7 29. Rxc6 Rhg8 30. Re6 Qd7 31. Qe3 f4 32. Qe4 Rf7
33. a4 fxg3 34. hxg3 Rc8 35. a5 Rcf8 36. a6 Rxf2 37. Rxb7 Rf1+ 38. Kg2 R1f2+
39. Kh3 Qc8 {Normal} 1-0

[Event "Rated Blitz game"]
[Site "?"]
[Date "2021.06.19"]
[Round "?"]
[White "SrJingles"]
[Black "King_bg03"]
[Result "1-0"]
[WhiteElo "2502"]
[BlackElo "2491"]
[PlyCount "115"]
[EventDate "2021.??.??"]
[EventType "blitz"]

1. e4 e5 2. Nf3 d5 3. exd5 e4 4. Qe2 Nf6 5. Nc3 Be7 6. Nxe4 O-O 7. d3 Qxd5 8.
Bd2 Nc6 9. Bc3 Bg4 10. h3 Bh5 11. g4 Bg6 12. Nfd2 Nd4 13. Bxd4 Qxd4 14. c3 Qd7
15. O-O-O Qa4 16. Kb1 Nxe4 17. Nxe4 Rfd8 18. Bg2 Rd7 19. Ka1 Rad8 20. d4 Bf8
21. f4 f5 22. Ng5 Rd6 23. b3 Qa5 24. Qc4+ Kh8 25. Rhe1 Rc6 26. Bxc6 bxc6 27.
Re5 Qb6 28. Nf7+ Bxf7 29. Qxf7 c5 30. Re8 Qd6 31. Rxd8 Qxd8 32. d5 fxg4 33.
hxg4 Qd6 34. Re1 Qf6 35. Qxf6 gxf6 36. Re8 Kg7 37. f5 Bd6 38. Kb2 Kh6 39. Rg8
Be5 40. Kc2 Bd6 41. Kd3 Be5 42. b4 cxb4 43. cxb4 Bd6 44. b5 Bc5 45. Kc4 Bb6 46.
a4 Ba5 47. Kc5 Be1 48. Kc6 Ba5 49. Kb7 Bb6 50. Kc6 Ba5 51. d6 cxd6 52. Kxd6 Bb6
53. Ke6 Bd4 54. g5+ fxg5 55. f6 Bc5 56. f7 Kh5 57. Kf5 Bf8 58. Rxf8 {Normal}
1-0

[Event "Rated Blitz tournament I7p75HZH"]
[Site "?"]
[Date "2021.06.19"]
[Round "?"]
[White "lenta1"]
[Black "Siebenschlaefer"]
[Result "0-1"]
[WhiteElo "2435"]
[BlackElo "2321"]
[PlyCount "102"]
[EventDate "2021.??.??"]
[EventType "blitz"]

1. e4 e5 2. Nf3 d5 3. exd5 e4 4. Qe2 Nf6 5. Nc3 Bb4 6. Nxe4 O-O 7. Nxf6+ Qxf6
8. Qd1 Re8+ 9. Be2 Qe7 10. c3 Ba5 11. d4 Bg4 12. Be3 f5 13. Bg5 Qe4 14. h3 Bxf3
15. gxf3 Qxf3 16. Rg1 Nd7 17. Be3 Qxh3 18. Qa4 f4 19. Bxf4 Bb6 20. Be3 Nf6 21.
O-O-O Rxe3 22. fxe3 Qxe3+ 23. Kb1 Qxe2 24. c4 Qe4+ 25. Qc2 Qxc2+ 26. Kxc2 c5
27. dxc6 bxc6 28. c5 Bc7 29. Rde1 Kf7 30. Kd3 Rd8 31. Kc4 h5 32. b4 h4 33. Rh1
Bg3 34. Re2 g5 35. a4 a6 36. Rb2 g4 37. b5 axb5+ 38. axb5 cxb5+ 39. Rxb5 Kg6
40. c6 Ne4 41. c7 Rc8 42. Rb6+ Kf5 43. Kd3 Nf6 44. Rf1+ Bf4 45. Rxf4+ Kxf4 46.
Rxf6+ Kg3 47. Rf7 h3 48. d5 h2 49. Rh7 Kg2 50. d6 g3 51. Kd4 Ra8 {Time forfeit}
0-1